logo

Bir Sreshtho Munshi Abdur Rouf Library
Jhenaidah Cadet College

চিকিৎসা বিজ্ঞানে আবিষ্কারের কাহিনী / (Record no. 13143)

MARC details
000 -LEADER
fixed length control field 00827nam a2200253 a 4500
001 - CONTROL NUMBER
JCCL Control Number 13143
003 - CONTROL NUMBER IDENTIFIER
JCCL marc code BD-JhCC
005 - DATE AND TIME OF LATEST TRANSACTION
control field 20230713085129.0
008 - FIXED-LENGTH DATA ELEMENTS--GENERAL INFORMATION
fixed length control field 221019s20102019bg a|||| ||a| 000 0 ben d
020 ## - INTERNATIONAL STANDARD BOOK NUMBER
International Standard Book Number 9789848858929
035 ## - SYSTEM CONTROL NUMBER
system control number (BD-JhCC)13143
040 ## - CATALOGING SOURCE
Original cataloging agency BD-JhCC
Modifying agency BD-JhCC
041 ## - LANGUAGE CODE
Language code of Book Bengali
082 ## - DEWEY DECIMAL CLASSIFICATION NUMBER
Author mark and Year CHO 2019
Classification number 610.711
100 ## - MAIN ENTRY--PERSONAL NAME
Personal name চেীধরী, শুভাগত
245 ## - TITLE STATEMENT
Title চিকিৎসা বিজ্ঞানে আবিষ্কারের কাহিনী /
Statement of responsibility, etc শুভাগত চেীধরী।
260 ## - PUBLICATION, DISTRIBUTION, ETC. (IMPRINT)
Place of publication, distribution, etc ঢাকা :
Name of publisher, distributor, etc মুক্তাধারা;
Date of publication, distribution, etc 2019.
300 ## - PHYSICAL DESCRIPTION
Pagination 88 p. :
Dimensions 20 cm.
650 ## - SUBJECT ADDED ENTRY--TOPICAL TERM
Topical term or geographic name as entry element Medical sciences--Study and teaching (Higher)
650 ## - SUBJECT ADDED ENTRY--TOPICAL TERM
Topical term or geographic name as entry element Invention
700 ## - ADDED ENTRY--PERSONAL NAME
Personal name হারিরি, রাফিক
942 ## - ADDED ENTRY ELEMENTS (KOHA)
Source of classification or shelving scheme Dewey Decimal Classification
Koha item type Books
Holdings
Source of classification or shelving scheme Damaged status Not for loan Home library Current library Shelving location Date of accession Call number prefix Full call number Barcode Date last seen Copy number Method of acquisition Koha item type Currency
Dewey Decimal Classification     JCC Rouf Library JCC Rouf Library General Stacks 06/16/2023 150 610.711 CHO 2019 17846 07/12/2023 C-1 Purchase Books BDT

JCC Library | Contacts | JCC Home

Last Update on 23 September 2017
Copyright @ 2017-2020 JCC Rouf Library
Rouf Library, Jhenidah Cadet College (JCC), Bangladesh